000 00575nam a2200229Ia 4500
003 OSt
005 20221007072400.0
006 a|||||r|||| 00| 0
007 ta
008 221006b |||||||| |||| 00| 0 eng d
024 _a24,460
037 _cTextual
040 _aFLL
_cFLL
_beng
041 _2eng
_aeng
082 _aZ3:265, K7
100 _aSingh Nagendra
245 0 _aShipowners
260 _aLondon
_bStevens & Sons UK
_c1967
300 _axxvi,403,28p
_ccm.
942 _hZ3:265, K7
_cTEXL
_2CC
999 _c1145919
_d1145919